| 000 | 00387nam a2200133Ia 4500 | ||
|---|---|---|---|
| 008 | 231221s9999 xx 000 0 und d | ||
| 020 | _a978-0-387-09671-1 | ||
| 041 | _aEnglish | ||
| 100 | _aJoão M.P. Cardoso, Pedro C. Diniz | ||
| 245 | 0 | _aCompilation Techniques for Reconfigurable Architectures | |
| 260 |
_c2009 _bSpringer US _aNew York |
||
| 650 | _aComputer Science | ||
| 942 | _cEB | ||
| 999 |
_c217949 _d217949 |
||